000 00471nam a2200169 i 4500
001 52245
003 ES-MaACL
005 20250530063009.0
007 t|
008 030827s1973 sp ||||1| spa d
100 1 _aChumy-Chúmez,
_d1927-2003
_938700
245 1 0 _aTodos somos de derechas /
_cChumy Chúmez.
260 _aMadrid :
_bEd. 99,
_c[1973]
300 _a239 p., 99 lám. ;
_c25 cm.
852 _aES-MaACL
_jC-55904
_bR.88580
999 _c52245
_d52245